| 000 | 00346nam a2200121Ia 4500 | ||
|---|---|---|---|
| 005 | 20251222143214.0 | ||
| 008 | 251222s9999||||xx |||||||||||||| ||spa|| | ||
| 082 | _a372.85/R22/Ej.2 | ||
| 100 | _aRamírez de Sánchez-Moreno, Eliana | ||
| 245 | 0 | _aHacia una Propuesta de Educación Primaria para el Perú: | |
| 264 | _bForo Educativo | ||
| 942 | _cLIB | ||
| 999 |
_c13550 _d13550 |
||